Précis d'histoire monastique

Saved in:  
Bibliographic Details
Main Author: Cousin, Patrice (Author)
Format: Print Book
Language:Undetermined language
Subito Delivery Service: Order now.
Check availability: HBZ Gateway
Interlibrary Loan:Interlibrary Loan for the Fachinformationsdienste (Specialized Information Services in Germany)
Published: Paris [Verlag nicht ermittelbar] (1958)
In:Year: 1958
Further subjects:B Augustinus, Aurelius Saint (354-430) Regula sancti Augustini

MARC

LEADER 00000cam a22000002c 4500
001 1827212012
003 DE-627
005 20221216155106.0
007 tu
008 221215s1958 xx ||||| 00| ||und c
035 |a (DE-627)1827212012 
035 |a (DE-599)KXP1827212012 
040 |a DE-627  |b ger  |c DE-627  |e rakwb 
084 |a 1  |2 ssgn 
100 1 |a Cousin, Patrice  |e VerfasserIn  |4 aut 
245 1 0 |a Précis d'histoire monastique 
264 1 |a Paris  |b [Verlag nicht ermittelbar]  |c (1958) 
300 |a 594 p. + 7 cartes 
336 |a Text  |b txt  |2 rdacontent 
337 |a ohne Hilfsmittel zu benutzen  |b n  |2 rdamedia 
338 |a Band  |b nc  |2 rdacarrier 
600 1 7 |0 (DE-588)4245691-5  |0 (DE-627)104826762  |0 (DE-576)210473452  |a Augustinus, Aurelius  |c Heiliger  |d 354-430  |t Regula sancti Augustini  |2 gnd 
935 |a AUGU 
951 |a BO 
ELC |b 1 
LOK |0 000 xxxxxcx a22 zn 4500 
LOK |0 001 4231907110 
LOK |0 003 DE-627 
LOK |0 004 1827212012 
LOK |0 005 20221221091716 
LOK |0 008 221215||||||||||||||||ger||||||| 
LOK |0 035   |a (DE-Tue135-4)zaf-6390 
LOK |0 040   |a DE-Tue135-4  |c DE-627  |d DE-Tue135-4 
LOK |0 092   |o n 
LOK |0 689   |a t  |0 1826912118  |t Regula (Augustini) = reg.  |x 00 
LOK |0 852   |a DE-Tue135-4 
LOK |0 852 1  |9 00 
LOK |0 935   |a wumi 
LOK |0 939   |a 15-12-22  |b l01 
ORI |a SA-MARC-ixtheoa001.raw 
SYA 0 0 |a Augustinus, Aurelius,Heiliger,354-430,Augustinusregel,Augustinus, Aurelius,Heiliger,354-430,Regula recepta,Augustinus, Aurelius,Heiliger,354-430,Regula Augustini,Augustinus, Aurelius,Heiliger,354-430,Augustinerregel,Augustinus, Aurelius,Heiliger,354-430,Regula,Augustinus, Aurelius,Heiliger,354-430,Reg.,Augustinus, Aurelius,Heiliger,354-430,The rule of Saint Augustine,Augustinus, Aurelius,Heiliger,354-430,La règle de Saint Augustin